Great Literature #38 - Statistics

General Stats
  • This quiz has been taken 83 times
  • The average score is 8 of 20
Answer Stats
Hint Explanation Answer % Correct
Sense and Sensibility 1811 Jane Austen
94%
The Da Vinci Code 2003 Dan Brown
92%
The Rime of the Ancient Mariner 1798 Samuel Taylor Coleridge
81%
Red Dragon 1981 Thomas Harris
56%
Corelli’s Mandolin 1994 Louis de Bernières
48%
Lament for the Death of a Bullfighter 1937 Federico García Lorca
45%
Barchester Towers 1857 Anthony Trollope
42%
Mourning Becomes Electra 1931 Eugene O’Neill
37%
The Golden Bowl 1904 Henry James
32%
Love Medicine 1984 Louise Erdrich
32%
I Capture the Castle 1948 Dodie Smith
31%
Play It as It Lays 1970 Joan Didion
29%
Noughts and Crosses 2001 Malorie Blackman
27%
Wise Blood 1952 Flannery O’Connor
24%
A Brief History of Seven Killings 2014 Marlon James
23%
The Moon and the Bonfires 1949 (La Luna e i falò) Cesare Pavese
21%
The Passion 1987 Jeanette Winterson
21%
Funeral Blues 1936 W. H. Auden
21%
The Sixth Extinction: An Unnatural History 2014 Elizabeth Kolbert
16%
Uncle Silas 1864 Sheridan Le Fanu
13%
No matching quizzes found
Score Distribution
Percent of People with Each Score
Percentile by Number Answered
Your Score History
You have not taken this quiz